Zmeny v oblasti dane z pridanej hodnoty od roku 2014

Novela zákona č. 222/2004 Z. z. o dani z pridanej hodnoty v znení neskorších predpisov s účinnosťou od 1.1.2014. Najdôležitejšie zmeny v oblasti dane z pridanej hodnoty.

Salvato in:
Dettagli Bibliografici
Autore principale: Sovíková, Daniela, 1983-
Natura: Capitolo di libro
Lingua:slovacco
Soggetti:
Tags: Aggiungi Tag
Nessun Tag, puoi essere il primo ad aggiungerne!!

MARC

LEADER 00000naa$a2200000$$$4500
001 0181118
005 20240502073113.1
041 0 |a slo 
044 |a SK 
245 1 0 |a Zmeny v oblasti dane z pridanej hodnoty od roku 2014  |c Daniela Sovíková 
520 |a Novela zákona č. 222/2004 Z. z. o dani z pridanej hodnoty v znení neskorších predpisov s účinnosťou od 1.1.2014. Najdôležitejšie zmeny v oblasti dane z pridanej hodnoty. 
610 2 0 |a dane z hodnoty pridanej 
610 2 0 |a legislatíva 
610 2 0 |a novelizácia 
100 1 |a Sovíková, Daniela, 1983-